000 00769nas a2200253 4500
001 BR0600287
003 BR-BrBNA
005 20231205105752.0
007 ta
008 230509b bl.|||p| |||| 00| 00por d
040 _aBR-BrBNA
_bpor
_cBiblioteca Nacional de Agricultura
041 _a(En)
072 _aQ02
100 1 _aLiendo-Cârdenas, M.
100 1 _aZapata-Norena, C.P.
100 1 _aBrandelli, A.
245 1 _aSorption isotherm equations of potato flakes and sweet potato flakes
650 _aBATATA DOCE
650 _aALIMENTO DESIDRATADO
650 _aMÉTODO ESTATÍSTICO
773 0 _tBrazilian Journal of Food Technology (Brazil)
_xISSN
_g(2000), v. 3 p. 53-57
_wBR0600287
909 _a202311
_bLúcia
_c55
_dLúcia Elande
942 _2AGRIS
_n0
_cANA
999 _c184585
_d184585